[Event "Novara op 1st"]
[Site "Novara"]
[Date "2011.11.05"]
[Round "2"]
[White "Topczewski, Damian"]
[Black "Di Lascio, Savino"]
[Result "1-0"]
[WhiteElo "2214"]
[BlackElo "1955"]
[PlyCount "73"]
[EventDate "2011.11.04"]
[EventType "swiss"]
[EventRounds "5"]
[EventCountry "ITA"]
[SourceTitle "EXT 2012"]
[Source "ChessBase"]
[SourceDate "2011.11.24"]
[SourceVersion "1"]
[SourceVersionDate "2011.11.24"]
[SourceQuality "1"]

1. e4 c6 2. d4 d5 3. f3 g6 4. Nc3 Bg7 5. Be3 e6 6. Qd2 b6 7. Nge2 a5 8. g4 h5 9. 0-0-0 hxg4 10. fxg4 Ba6 11. g5 Ne7 12. Bg2 dxe4 13. Bxe4 Nd5 14. Nxd5 cxd5 15. Bd3 Bxd3 16. Qxd3 Nd7 17. Nc3 Rh3 18. Qe2 Qc7 19. Nxd5 Qc6 20. Nf4 Rh7 21. d5 Qa4 22. dxe6 fxe6 23. Kb1 Rc8 24. Bc1 e5 25. Nd5 Rh4 26. Nc3 Qb4 27. Nd5 Qc5 28. Rhf1 e4 29. Be3 Qc6 30. Qf2 Ne5 31. Nxb6 Nf3 32. Nxc8 Rxh2 33. Nd6+ Ke7 34. Qxh2 Nxh2 35. Rf7+ Ke6 36. Rxg7 Ng4 37. Rxg6+ 1-0

[Event "Nichelino op 12th"]
[Site "Nichelino"]
[Date "2011.10.08"]
[Round "5"]
[White "Martin, Tiziano"]
[Black "Topczewski, Damian"]
[Result "0-1"]
[WhiteElo "1948"]
[BlackElo "2189"]
[PlyCount "74"]
[EventDate "2011.10.06"]
[EventType "swiss"]
[EventRounds "6"]
[EventCountry "ITA"]
[SourceTitle "EXT 2023"]
[Source "ChessBase"]
[SourceDate "2022.10.05"]
[SourceVersion "1"]
[SourceVersionDate "2022.10.05"]
[SourceQuality "1"]

1. e4 c5 2. Nf3 Nc6 3. c3 d6 4. Be2 Nf6 5. d3 g6 6. 0-0 Bg7 7. Nbd2 0-0 8. Qc2 e5 9. Re1 Rb8 10. a4 a6 11. Nf1 b5 12. axb5 axb5 13. Bg5 h6 14. Bxf6 Bxf6 15. Ne3 Bg7 16. h3 b4 17. Nd2 Be6 18. Ndc4 Qc7 19. Ra6 b3 20. Qd1 Rfd8 21. Qa1 f5 22. Qa4 Ne7 23. Ra7 Rb7 24. Ra1 f4 25. Bg4 Bf7 26. Nf1 d5 27. Ncd2 dxe4 28. dxe4 Nc8 29. Rxb7 Qxb7 30. Bxc8 Rxc8 31. Nc4 Qxe4 32. Nfd2 Qd3 33. Qxb3 e4 34. Ra7 Rf8 35. Re7 e3 36. fxe3 fxe3 37. Rxe3 Qxe3+ 0-1

[Event "Nichelino op 12th"]
[Site "Nichelino"]
[Date "2011.10.06"]
[Round "1"]
[White "Topczewski, Damian"]
[Black "Benenati, Gianfranco"]
[Result "1-0"]
[WhiteElo "2189"]
[BlackElo "1800"]
[PlyCount "123"]
[EventDate "2011.10.06"]
[EventType "swiss"]
[EventRounds "6"]
[EventCountry "ITA"]
[SourceTitle "EXT 2023"]
[Source "ChessBase"]
[SourceDate "2022.10.05"]
[SourceVersion "1"]
[SourceVersionDate "2022.10.05"]
[SourceQuality "1"]

1. e4 c5 2. Nf3 Nc6 3. Bb5 d6 4. Bxc6+ bxc6 5. 0-0 e5 6. d3 Nf6 7. Bg5 Be7 8. Nc3 Bg4 9. h3 Bh5 10. Rb1 0-0 11. Kh1 h6 12. Bd2 Nh7 13. g4 Bg6 14. Rg1 Ng5 15. Nxg5 Bxg5 16. Ne2 Qf6 17. Bxg5 Qxg5 18. Ng3 Qf6 19. Rg2 Rfd8 20. Qe2 Rab8 21. b3 a5 22. Rf1 Kh8 23. Rh2 d5 24. f3 dxe4 25. fxe4 Qe7 26. Qf2 f6 27. h4 a4 28. Qe3 axb3 29. axb3 Qd6 30. g5 Qd4 31. Qc1 Kh7 32. h5 Bxe4+ 33. Nxe4 fxg5 34. Rff2 Rf8 35. Qf1 Rf4 36. Rxf4 exf4 37. Qf2 Qd7 38. Qf3 Qf5 39. Nd6 Qd5 40. Qe4+ Kg8 41. Qxd5+ cxd5 42. Re2 Kf8 43. Re5 f3 44. Kg1 g4 45. Kf2 c4 46. dxc4 dxc4 47. Nxc4 Kf7 48. Ne3 Rc8 49. b4 Rd8 50. Rd5 Re8 51. Nxg4 Re2+ 52. Kxf3 Rxc2 53. Rd7+ Kf8 54. Rb7 Rc6 55. Kf4 g6 56. hxg6 Rxg6 57. b5 h5 58. Ne5 Rg8 59. b6 h4 60. Rh7 Rg1 61. b7 Kg8 62. Rc7 1-0

[Event "Torino Bombelli Memorial 11th"]
[Site "Torino"]
[Date "2011.09.09"]
[Round "2"]
[White "Guzzetti, Luigi Enrico"]
[Black "Topczewski, Damian"]
[Result "0-1"]
[WhiteElo "1955"]
[BlackElo "2189"]
[PlyCount "92"]
[EventDate "2011.09.09"]
[EventType "swiss"]
[EventRounds "5"]
[EventCountry "ITA"]
[SourceTitle "EXT 2023"]
[Source "ChessBase"]
[SourceDate "2022.10.05"]
[SourceVersion "1"]
[SourceVersionDate "2022.10.05"]
[SourceQuality "1"]

1. e4 c5 2. Nf3 d6 3. d4 Nf6 4. Nc3 cxd4 5. Nxd4 g6 6. Be2 Bg7 7. Be3 0-0 8. 0-0 Nc6 9. Qd2 Bg4 10. f3 Bd7 11. Rfd1 Nxd4 12. Bxd4 Be6 13. a4 Nd7 14. a5 Bxd4+ 15. Qxd4 Qc7 16. Rd2 Rfc8 17. Qe3 Qc5 18. Qxc5 Rxc5 19. Nb5 Rac8 20. c3 a6 21. Nd4 Ne5 22. Nxe6 fxe6 23. Rd4 Kf7 24. Kf2 Nc6 25. Rda4 Ne5 26. Rb4 R8c7 27. Ke3 Nc6 28. Rba4 Kf6 29. f4 e5 30. g3 e6 31. Kd2 Ne7 32. c4 d5 33. fxe5+ Kxe5 34. exd5 exd5 35. b4 R5c6 36. c5 Nf5 37. Re1 Kf6 38. g4 Nd4 39. Ra3 Re6 40. Rf1+ Kg5 41. Bd1 Rce7 42. Rd3 Re4 43. h3 Kh4 44. Kc3 Nb5+ 45. Kb3 Re3 46. Rf3 Nd4+ 0-1

[Event "Torino 150 Italy Unity op"]
[Site "Torino"]
[Date "2011.05.31"]
[Round "1"]
[White "Topczewski, Damian"]
[Black "Pinkerton, James Carl"]
[Result "1/2-1/2"]
[WhiteElo "2221"]
[BlackElo "2058"]
[PlyCount "133"]
[EventDate "2011.05.31"]
[EventType "swiss"]
[EventRounds "9"]
[EventCountry "ITA"]
[SourceTitle "EXT 2014"]
[Source "ChessBase"]
[SourceDate "2013.11.20"]
[SourceVersion "1"]
[SourceVersionDate "2013.11.20"]
[SourceQuality "1"]

1. e4 c6 2. d4 d5 3. f3 dxe4 4. fxe4 e5 5. Nf3 exd4 6. Bc4 Nd7 7. 0-0 Ngf6 8. Ng5 Ne5 9. Nxf7 Nxf7 10. Bxf7+ Kxf7 11. e5 Be7 12. exf6 Bxf6 13. Bg5 Be6 14. Bxf6 gxf6 15. Qh5+ Kg7 16. Qh4 Rf8 17. Nd2 d3 18. cxd3 Qxd3 19. Ne4 Qd4+ 20. Kh1 Bd5 21. Rfe1 Rae8 22. Qg3+ Kh8 23. Nc3 Rxe1+ 24. Qxe1 Rg8 25. Nxd5 Qxd5 26. Qf2 Qg5 27. Rf1 b6 28. h3 Kg7 29. Rd1 Rf8 30. Rd4 h5 31. Rd3 Qe5 32. Re3 Qc5 33. Rg3+ Kh7 34. Qxc5 bxc5 35. Ra3 Rf7 36. Ra5 c4 37. Rxh5+ Kg6 38. Rc5 Rb7 39. Rxc4 Rxb2 40. a4 Ra2 41. Kh2 Ra3 42. h4 c5 43. g3 Ra2+ 44. Kh3 Ra3 45. Kg4 Rb3 46. h5+ Kh6 47. Rxc5 Rb4+ 48. Kf5 Rxa4 49. Kxf6 Rg4 50. Rc2 Kh7 51. Rc3 Kh6 52. Kf5 Kxh5 53. Rc2 Rg5+ 54. Kf4 Rg4+ 55. Kf3 Ra4 56. Rc5+ Kg6 57. g4 Ra3+ 58. Kf4 Ra4+ 59. Kg3 Ra3+ 60. Kh4 Ra6 61. Rd5 Rb6 62. Rg5+ Kh6 63. Rg8 a6 64. g5+ Kh7 65. Ra8 Kg6 66. Rg8+ Kh7 67. Ra8 1/2-1/2

[Event "Torino-ch Alfieri"]
[Site "Torino"]
[Date "2010.11.06"]
[Round "1"]
[White "Topczewski, Damian"]
[Black "Quagliana, Giuseppe"]
[Result "1-0"]
[WhiteElo "2200"]
[BlackElo "2062"]
[PlyCount "61"]
[EventDate "2010.11.06"]
[EventType "tourn"]
[EventRounds "7"]
[EventCountry "ITA"]
[SourceTitle "EXT 2024"]
[Source "ChessBase"]
[SourceDate "2023.10.10"]
[SourceVersion "1"]
[SourceVersionDate "2023.10.10"]
[SourceQuality "1"]

1. e4 e6 2. d4 d5 3. Nd2 Nf6 4. e5 Nfd7 5. Bd3 c5 6. c3 Nc6 7. Ne2 Be7 8. 0-0 a5 9. Kh1 cxd4 10. cxd4 Nb4 11. Bb1 Nb6 12. f4 g6 13. Nf3 Bd7 14. a3 Nc6 15. Nc3 Na7 16. Bd3 a4 17. Qe2 Rc8 18. g4 h5 19. Ng5 Nc4 20. gxh5 Rxh5 21. Nxf7 Kxf7 22. Bxg6+ Kxg6 23. Qg4+ Kh6 24. f5+ Bg5 25. fxe6 Rc6 26. Bxg5+ Qxg5 27. Rf6+ Kh7 28. Rf7+ Kh8 29. Qxg5 Rxg5 30. exd7 Rg8 31. Nxd5 1-0

[Event "Nichelino op 11th"]
[Site "Nichelino"]
[Date "2010.10.01"]
[Round "2"]
[White "Razzano, Lorenzo"]
[Black "Topczewski, Damian"]
[Result "0-1"]
[WhiteElo "1928"]
[BlackElo "2165"]
[PlyCount "108"]
[EventDate "2010.09.30"]
[EventType "swiss"]
[EventRounds "6"]
[EventCountry "ITA"]
[SourceTitle "EXT 2024"]
[Source "ChessBase"]
[SourceDate "2023.10.10"]
[SourceVersion "1"]
[SourceVersionDate "2023.10.10"]
[SourceQuality "1"]

1. e4 d5 2. Nc3 d4 3. Nce2 e5 4. Ng3 Be6 5. Bb5+ Nd7 6. N1e2 c6 7. Ba4 Nc5 8. Bb3 d3 9. Nc3 Bxb3 10. cxb3 h5 11. b4 Ne6 12. Qa4 Nd4 13. 0-0 Nh6 14. b5 h4 15. Nf5 Nhxf5 16. exf5 h3 17. g3 Ne2+ 18. Kh1 Nxc3 19. bxc3 Qd5+ 20. f3 cxb5 21. Qe4 Qxe4 22. fxe4 Rh6 23. Rb1 Rb6 24. Rb3 0-0-0 25. Ba3 Bxa3 26. Rxa3 b4 27. Rb3 bxc3 28. Rxc3+ Kb8 29. a3 Rb2 30. Rd1 b5 31. Kg1 b4 32. axb4 Rxb4 33. Re1 a5 34. Kf2 Rdd4 35. Rec1 Rxe4 36. Rxd3 Red4 37. Ke3 Rxd3+ 38. Kxd3 f6 39. Ra1 a4 40. Ra2 Kc7 41. Kc3 Rd4 42. d3 Rg4 43. Rb2 Kc6 44. Rb8 Kc5 45. Rc8+ Kd6 46. Rh8 e4 47. d4 Rg5 48. g4 Rxg4 49. Rxh3 Rf4 50. Rh7 Kd5 51. Rxg7 Rf3+ 52. Kb4 Kxd4 53. Kxa4 e3 54. Rd7+ Ke4 0-1

[Event "Biella op 1st"]
[Site "Biella"]
[Date "2010.09.25"]
[Round "3"]
[White "Lanzani, Mario"]
[Black "Topczewski, Damian"]
[Result "1/2-1/2"]
[WhiteElo "2360"]
[BlackElo "2165"]
[PlyCount "41"]
[EventDate "2010.09.24"]
[EventType "swiss"]
[EventRounds "5"]
[EventCountry "ITA"]
[SourceTitle "EXT 2024"]
[Source "ChessBase"]
[SourceDate "2023.10.10"]
[SourceVersion "1"]
[SourceVersionDate "2023.10.10"]
[SourceQuality "1"]

1. e4 c5 2. c3 Nf6 3. e5 Nd5 4. Nf3 Nc6 5. d4 cxd4 6. cxd4 d6 7. Bc4 e6 8. 0-0 Be7 9. Qe2 a6 10. Nc3 Nxc3 11. bxc3 dxe5 12. dxe5 b5 13. Bd3 Bb7 14. a4 b4 15. Rd1 Qc7 16. cxb4 Nxb4 17. Bc4 0-0 18. Bg5 Bd5 19. Rac1 Qb7 20. Bxe7 Qxe7 21. Bxd5 1/2-1/2

[Event "Turin Sociale Alfieri CC-ch"]
[Site "Turin"]
[Date "2009.10.25"]
[Round "5"]
[White "Topczewski, Damian"]
[Black "Ranieri, Fabrizio"]
[Result "1-0"]
[WhiteElo "2126"]
[BlackElo "2264"]
[PlyCount "100"]
[EventDate "2009.10.10"]
[EventType "tourn"]
[EventRounds "9"]
[EventCountry "ITA"]
[SourceTitle "EXT 2012"]
[Source "ChessBase"]
[SourceDate "2011.11.24"]
[SourceVersion "1"]
[SourceVersionDate "2011.11.24"]
[SourceQuality "1"]

1. e4 e6 2. d4 d5 3. Nd2 Nf6 4. e5 Nfd7 5. Bd3 c5 6. c3 Nc6 7. Ne2 cxd4 8. cxd4 f6 9. exf6 Nxf6 10. 0-0 Bd6 11. Nf3 0-0 12. Bf4 Bxf4 13. Nxf4 Ne4 14. Nh5 Bd7 15. Ng3 Nxg3 16. hxg3 Qf6 17. Bb5 Rac8 18. Rc1 Be8 19. Bxc6 bxc6 20. Qd2 Qf5 21. Qg5 Bh5 22. Qxf5 Rxf5 23. Ne5 Be8 24. Rc5 Rb8 25. b3 Rb6 26. Rfc1 Rb4 27. Rd1 Rb6 28. Ra5 a6 29. Kf1 Kf8 30. Ke2 Ke7 31. Ke3 Kd6 32. Rh1 Rh5 33. Rxh5 Bxh5 34. Nd3 Be8 35. Nc5 e5 36. dxe5+ Kxe5 37. Rxa6 d4+ 38. Kd2 Rxa6 39. Nxa6 Kd6 40. Nb4 c5 41. Nd3 g5 42. g4 Bf7 43. Nb2 Ke5 44. Nd3+ Kd6 45. Nb2 Ke5 46. Nc4+ Kf4 47. g3+ Kxg4 48. Ne5+ Kf5 49. Nxf7 h5 50. Nxg5 Kxg5 1-0

[Event "Turin Piemonte op 9th"]
[Site "Turin"]
[Date "2009.09.19"]
[Round "3"]
[White "Topczewski, Damian"]
[Black "Dvirnyy, Danyyil"]
[Result "0-1"]
[WhiteElo "2126"]
[BlackElo "2447"]
[PlyCount "44"]
[EventDate "2009.09.18"]
[EventType "swiss"]
[EventRounds "5"]
[EventCountry "ITA"]
[SourceTitle "EXT 2012"]
[Source "ChessBase"]
[SourceDate "2011.11.24"]
[SourceVersion "1"]
[SourceVersionDate "2011.11.24"]
[SourceQuality "1"]

1. e4 c5 2. Na3 Nc6 3. Bb5 Qc7 4. Nf3 Nf6 5. Bxc6 Qxc6 6. d3 g6 7. 0-0 Bg7 8. c3 0-0 9. e5 Nd5 10. d4 c4 11. Nc2 b6 12. Ne3 Bb7 13. Nxd5 Qxd5 14. Bg5 f6 15. exf6 exf6 16. Be3 Rae8 17. Qd2 Re4 18. h3 g5 19. Ne1 Rfe8 20. b3 b5 21. bxc4 bxc4 22. Rb1 Bc6 0-1

[Event "Savigliano op"]
[Site "Savigliano"]
[Date "2009.05.30"]
[Round "3"]
[White "Topczewski, Damian"]
[Black "Pulito, Alberto"]
[Result "0-1"]
[WhiteElo "2077"]
[BlackElo "2256"]
[PlyCount "56"]
[EventDate "2009.05.28"]
[EventType "swiss"]
[EventRounds "6"]
[EventCountry "ITA"]
[SourceTitle "CBM 130 Extra"]
[Source "ChessBase"]
[SourceDate "2009.07.02"]
[SourceVersion "2"]
[SourceVersionDate "2009.07.15"]
[SourceQuality "1"]

1. e4 e6 2. d4 d5 3. Nc3 Bb4 4. e5 c5 5. a3 Bxc3+ 6. bxc3 Ne7 7. Qg4 Qc7 8. Qxg7 Rg8 9. Qxh7 cxd4 10. Ne2 Nbc6 11. f4 Bd7 12. Qd3 dxc3 13. Nxc3 a6 14. h3 Na5 15. g4 0-0-0 16. Bg2 Nc4 17. Rb1 Qc5 18. Ne2 Nf5 19. Bxd5 Qxd5 20. Qxd5 exd5 21. gxf5 Bxf5 22. Nd4 Be4 23. Rf1 Rg2 24. Ne2 Bxc2 25. Ra1 d4 26. Rg1 Rh2 27. Ng3 d3 28. Nf1 Re2# 0-1

[Event "Nichelino op"]
[Site "Nichelino"]
[Date "2008.10.04"]
[Round "3"]
[White "Damia, Angelo"]
[Black "Topczewski, Damian"]
[Result "1-0"]
[WhiteElo "2222"]
[BlackElo "1506"]
[PlyCount "141"]
[EventDate "2008.10.02"]
[EventType "swiss"]
[EventRounds "6"]
[EventCountry "ITA"]
[SourceTitle "CBM 126 Extra"]
[Source "ChessBase"]
[SourceDate "2008.11.05"]
[SourceVersion "1"]
[SourceVersionDate "2008.11.05"]
[SourceQuality "1"]

1. e4 e5 2. Nf3 Nf6 3. Nxe5 d6 4. Nf3 Nxe4 5. Nc3 Nxc3 6. dxc3 d5 7. c4 c6 8. cxd5 Qxd5 9. Qxd5 cxd5 10. Bb5+ Bd7 11. Bxd7+ Nxd7 12. Be3 Bc5 13. Bxc5 Nxc5 14. 0-0-0 0-0-0 15. Ne5 Rhf8 16. Rhe1 f6 17. Nd3 Nxd3+ 18. Rxd3 Rf7 19. f4 g6 20. f5 gxf5 21. Rf3 d4 22. Rxf5 d3 23. Ref1 Re7 24. Rxf6 dxc2 25. R6f2 a6 26. Kxc2 Rc7+ 27. Kb1 Re7 28. Rf8 Rxf8 29. Rxf8+ Kc7 30. Rf2 Kc6 31. Kc2 Kd5 32. Kd3 Kc6 33. g4 Rg7 34. h3 h5 35. Rf6+ Kc7 36. Rf4 hxg4 37. hxg4 Kd6 38. Ke3 Ke6 39. Re4+ Kf6 40. Kf4 Rd7 41. g5+ Kg7 42. Re6 Rc7 43. Rb6 Re7 44. Kf5 Rc7 45. b4 Rd7 46. a4 Rc7 47. a5 Re7 48. Re6 Rc7 49. Ke5 Kf7 50. Rf6+ Kg7 51. Rd6 Kf7 52. Kd5 Kg7 53. Ke6 Kg6 54. Rd7 Rc6+ 55. Kd5 Rc8 56. Rxb7 Kxg5 57. Rb6 Ra8 58. Kc6 Kf5 59. Kb7 Rh8 60. Kxa6 Ke5 61. Rc6 Rb8 62. Rb6 Rh8 63. Ka7 Kd5 64. a6 Kc4 65. b5 Kc5 66. Rb7 Rh6 67. b6 Rg6 68. Rf7 Kb5 69. Rf5+ Kc6 70. b7 Rg8 71. b8Q 1-0